المظاهر الخارجية في القانون الجنائي : (Record no. 62360)
[ view plain ]
| 000 -LEADER | |
|---|---|
| fixed length control field | 02009nam a2200349 i 4500 |
| 003 - CONTROL NUMBER IDENTIFIER | |
| control field | EG-GICUC |
| 005 - DATE AND TIME OF LATEST TRANSACTION | |
| control field | 20260210105315.0 |
| 008 - FIXED-LENGTH DATA ELEMENTS--GENERAL INFORMATION | |
| fixed length control field | 260210s2003 ua ||||fr|||| 00| 0 ara d |
| 017 ## - COPYRIGHT OR LEGAL DEPOSIT NUMBER | |
| Copyright or legal deposit number | 2003/20016 |
| 040 ## - CATALOGING SOURCE | |
| Original cataloging agency | EG-GICUC |
| Language of cataloging | ara |
| Transcribing agency | EG-GICUC |
| Modifying agency | EG-GICUC |
| Description conventions | rda |
| 041 ## - LANGUAGE CODE | |
| Language code of text/sound track or separate title | ara |
| 082 04 - DEWEY DECIMAL CLASSIFICATION NUMBER | |
| Edition number | 21 |
| Classification number | 343 |
| Item number | أ س . م |
| 092 04 - LOCALLY ASSIGNED DEWEY CALL NUMBER (OCLC) | |
| Edition number | 21 |
| 099 ## - LOCAL FREE-TEXT CALL NUMBER (OCLC) | |
| Classification number | Law1 10 343 أ س . م 1 ed - 2003 |
| 100 0# - MAIN ENTRY--PERSONAL NAME | |
| Personal name | أسامة كامل |
| Relator term | مؤلف. |
| 245 12 - TITLE STATEMENT | |
| Title | المظاهر الخارجية في القانون الجنائي : |
| Remainder of title | دراسة مقارنة / |
| Statement of responsibility, etc. | تأليف الدكتور أسامة كامل. |
| 250 ## - EDITION STATEMENT | |
| Edition statement | الطبعة الأولى |
| 264 #1 - PRODUCTION, PUBLICATION, DISTRIBUTION, MANUFACTURE, AND COPYRIGHT NOTICE | |
| Place of production, publication, distribution, manufacture | مصر : |
| Name of producer, publisher, distributor, manufacturer | أسامة كامل، |
| Date of production, publication, distribution, manufacture, or copyright notice | 2003. |
| 300 ## - PHYSICAL DESCRIPTION | |
| Extent | 647 صفحة ; |
| Dimensions | 24 سم. |
| 336 ## - CONTENT TYPE | |
| Source | rda content |
| Content type term | text |
| 337 ## - MEDIA TYPE | |
| Source | rda media |
| Media type term | Computer |
| 338 ## - CARRIER TYPE | |
| Source | rda carrier |
| Carrier type term | Online Resource |
| 500 ## - GENERAL NOTE | |
| General note | صفحة غلاف الامامية تحتوى على الاتى:<br/>. هل كل الحالات الظاهرة أو الشواهد كمظاهر خارجية تعبر عن حقائق دائما<br/>. إن الإجابة بالطبع ستكون بالنفي وإلا ما كانت هناك جرائم نصب أو تزوير محررات أو تزييف عملة أو شهادة زور أو بلاغ كاذب وغيرهم . فالخداع هو جوهر قيام كلا منهم .<br/><br/>ولكن ما هو الموقف القانوني إذ ما وجه هذا الخداع نحو عقيدة القائم على تطبيق القانون :<br/>بالطبع يختلف الأمر إذ ما كان الخداع نتاج غلطه الشخصي أو على أثر إحتيال وقع في شباكه. |
| 504 ## - BIBLIOGRAPHY, ETC. NOTE | |
| Bibliography, etc. note | يشتمل على إرجاعات ببليوجرافية. |
| 546 ## - LANGUAGE NOTE | |
| Language note | النص باللغة العربية |
| 650 1# - SUBJECT ADDED ENTRY--TOPICAL TERM | |
| Topical term or geographic name entry element | القانون الجنائي |
| 650 1# - SUBJECT ADDED ENTRY--TOPICAL TERM | |
| Topical term or geographic name entry element | العلوم الجنائية |
| 653 ## - INDEX TERM--UNCONTROLLED | |
| Uncontrolled term | المظاهر الخارجية |
| 856 40 - ELECTRONIC LOCATION AND ACCESS | |
| Uniform Resource Identifier | <a href="https://fll.law.cu.edu.eg/fulltext/bks/B10-08180.pdf">https://fll.law.cu.edu.eg/fulltext/bks/B10-08180.pdf</a> |
| 905 ## - Cataloger and Reviser Names | |
| Cataloger Name: | Gomana |
| 942 ## - ADDED ENTRY ELEMENTS (KOHA) | |
| Source of classification or shelving scheme | Dewey Decimal Classification |
| Suppress in OPAC | No |
| Koha item type | Books |
| Edition | 21 |
| Withdrawn status | Lost status | Source of classification or shelving scheme | Damaged status | Not for loan | Collection | Home library | Current library | Date acquired | Total checkouts | Full call number | Barcode | Date last seen | Copy number | Price effective from | Koha item type |
|---|---|---|---|---|---|---|---|---|---|---|---|---|---|---|---|
| Dewey Decimal Classification | Not for loan | القانون الجنائي | جــــامعة القــاهرة | مكتبة كلية الحقوق - المبنى الرئيسي | 10.02.2026 | Law1 10 343 أ س . م 1 ed - 2003 1008180 C1 | B10-08180 | 10.02.2026 | 1 | 10.02.2026 | Books | ||||
| Dewey Decimal Classification | القانون الجنائي | جــــامعة القــاهرة | مكتبة كلية الحقوق - المبنى الرئيسي | 10.02.2026 | Law1 10 343 أ س . م 1 ed - 2003 1008470 C2 | B10-08470 | 10.02.2026 | 2 | 10.02.2026 | Books | |||||
| Dewey Decimal Classification | القانون الجنائي | جــــامعة القــاهرة | مكتبة كلية الحقوق - فـرع الشيخ زايد | 10.02.2026 | Law2 10 343 أ س . م 1 ed - 2003 1008471 C3 | B10-08471 | 10.02.2026 | 3 | 10.02.2026 | Books |